Developments in the renewed Jamaica Progressive League (Jamaica) : (Record no. 14669)

000 -LEADER
fixed length control field 00768cam a2200169 a 4500
040 ## - CATALOGING SOURCE
Transcribing agency DLC
082 ## - DEWEY DECIMAL CLASSIFICATION NUMBER
Classification number 349 THE 1992 A069 Or.
245 00 - TITLE STATEMENT
Title Developments in the renewed Jamaica Progressive League (Jamaica) :
Remainder of title including the call for an alternative psychology of independence and nation building : reports : study-papers on the Jamaican constitution : summary proposals towards a new republican constitution for Jamaica, with a system of reciprocal rights, duties, and responsibilities /
260 ## - PUBLICATION, DISTRIBUTION, ETC. (IMPRINT)
Place of publication Kingston :
Name of publisher The League,
Year of publication 1992.
300 ## - PHYSICAL DESCRIPTION
Number of Pages 86 p. :
Other physical details ill. ;
Dimensions 28 cm.
500 ## - GENERAL NOTE
General note Cover title.
500 ## - GENERAL NOTE
General note Errata slip stapled to p. 5.
650 #0 - SUBJECT ADDED ENTRY--TOPICAL TERM
Topical Term Constitutional history
700 1# - ADDED ENTRY--PERSONAL NAME
Personal name Tucker, Jimmy.
710 2# - ADDED ENTRY--CORPORATE NAME
Corporate name or jurisdiction name as entry element Jamaica Progressive League.
942 ## - ADDED ENTRY ELEMENTS (KOHA)
Koha item type សៀវភៅភាសាអង់គ្លេស
952 ## - LOCATION AND ITEM INFORMATION (KOHA)
Withdrawn status [LOCAL, KOHA] 0
Holdings
Permanent Location Date acquired Koha item type Lost status Shelving location Barcode Current Location Full call number
Library Block A2017-10-24សៀវភៅភាសាអង់គ្លេស A069A06799Library Block A349 THE 1992 A069 Or.
មជ្ឈមណ្ឌលឯការនៃសាកលវិទ្យាល័យភូមិន្ទកសិកម្មចំការដូង

Powered by Koha